[Event "BCF-ch U13"]
[Site "Aberystwyth"]
[Date "2014.07.25"]
[Round "6"]
[White "Pollack, Oscar"]
[Black "Davies, Alexander"]
[Result "1/2-1/2"]
[WhiteElo "130"]
[BlackElo "120"]
[PlyCount "85"]
[EventDate "2014.07.22"]
[EventType "swiss"]
[EventRounds "7"]
[EventCountry "WLS"]
[SourceTitle "CBM 161 Extra"]
[Source "ChessBase"]
[SourceDate "2014.08.29"]
[SourceVersion "1"]
[SourceVersionDate "2014.08.29"]
[SourceQuality "1"]

1. Nf3 d5 2. g3 Nf6 3. Bg2 c6 4. 0-0 Bf5 5. c4 e6 6. d4 Nbd7 7. Nc3 dxc4 8. Bf4 Nb6 9. Rc1 Nfd5 10. Nxd5 cxd5 11. a4 Bd6 12. Bxd6 Qxd6 13. a5 Nd7 14. b3 b5 15. axb6 Nxb6 16. bxc4 Nxc4 17. Qa4+ Ke7 18. Nh4 Rac8 19. Nxf5+ exf5 20. Qxa7+ Rc7 21. Qa2 Rhc8 22. Rc2 Rc6 23. Rfc1 Ra6 24. Qb3 Rd8 25. Qb7+ Rd7 26. Qxd5 Qxd5 27. Bxd5 Na3 28. Rc7 Rxc7 29. Rxc7+ Kd6 30. Rc5 Ra7 31. e3 g6 32. Kg2 Nb1 33. Bf3 Nd2 34. Rc2 Ne4 35. Bxe4 fxe4 36. Rc5 f5 37. Re5 Ra8 38. g4 fxg4 39. Rxe4 h5 40. Rf4 Ke6 41. Re4+ Kf5 42. Re5+ Kf6 43. Rb5 1/2-1/2

[Event "BCF-ch U13"]
[Site "Aberystwyth"]
[Date "2014.07.24"]
[Round "4"]
[White "Davies, Alexander"]
[Black "Jina, Asha"]
[Result "0-1"]
[WhiteElo "120"]
[BlackElo "135"]
[PlyCount "104"]
[EventDate "2014.07.22"]
[EventType "swiss"]
[EventRounds "7"]
[EventCountry "WLS"]
[SourceTitle "CBM 161 Extra"]
[Source "ChessBase"]
[SourceDate "2014.08.29"]
[SourceVersion "1"]
[SourceVersionDate "2014.08.29"]
[SourceQuality "1"]

1. d4 Nf6 2. Nf3 g6 3. c4 Bg7 4. Nc3 d6 5. g3 0-0 6. Bg2 Nbd7 7. 0-0 e5 8. Bg5 h6 9. dxe5 dxe5 10. Bxf6 Qxf6 11. Nd5 Qd6 12. Nd2 f5 13. e4 c6 14. Ne3 f4 15. Nc2 g5 16. b4 g4 17. c5 Qg6 18. f3 fxg3 19. hxg3 Nf6 20. f4 Nh5 21. f5 Qg5 22. Qe1 Nxg3 23. Qxg3 Qxd2 24. Qb3+ Kh8 25. Ne3 Qd8 26. Nxg4 Qg5 27. Nh2 Rg8 28. Rad1 Bf6 29. Rf2 Qh4 30. Rd6 Qg5 31. Qf7 Bg7 32. Rg6 Qd8 33. Ng4 Qf8 34. Qxf8 Bxf8 35. Nxe5 Bg7 36. Nf7+ Kh7 37. Rf3 Bd4+ 38. Kh2 Rxg6 39. fxg6+ Kxg6 40. Nd6 Bg4 41. Rf7 Be5+ 42. Kh1 Bxd6 43. Rxb7 Bc8 44. e5 Bxb7 45. exd6 Rd8 46. b5 Kf6 47. bxc6 Bc8 48. c7 Re8 49. Kg1 Rg8 50. c6 Ke6 51. d7 Bxd7 52. cxd7 Kxd7 0-1